000 00426nam a2200181Ia 4500
008 210210b1959 xxu||||| |||| 00| 0 eng d
041 _aeng
082 _a330/5
100 _aAGARWALA (A N)
245 _aReconstruction of economic science
260 _aAllahabad
_bKitab mahal
_c1959
650 _ascience
650 _aReconstruction
650 _aof
650 _aeconomic
690 _aEconomics
906 _a003409
999 _c118639
_d118639